000
00270nam a2200109Ia 4500
008
190216s9999||||xx |||||||||||||| ||und||
100
_a
Enest Mayer
245
0
_a
Janthu Shashthra Vargeegarana Thathwangal
260
_b
Bhasha Institute
650
_a
Zoology
942
_c
BK
999
_c
38402
_d
38402